00329nam a2200121 a 4500008004100000100002300041245004600064260003800110300003200148003000100180005001700181040000900198 1 aDurrell, Lawrence.10aJustine,ba novel /cby Lawrence Durrell. aLondon :bFaber and Faber,c1957. a253, [1] p., 1 l. ;c21 cm.20230123133902.0 cNUST